MARC

LEADER 00000nam0a2200000 4500
001 328223
005 20231102004035.0
035 |a (RuTPU)RU\TPU\book\353923 
090 |a 328223 
100 |a 20170214d1966 km y0rusy50 ca 
101 0 |a rus 
102 |a RU 
105 |a a g 001zy 
200 1 |a Краткий справочник по расчету надежности радиоэлектронной аппаратуры  |f Б. А. Козлов, И. А. Ушаков 
210 |a Москва  |c Советское радио  |d 1966 
215 |a 432 с.  |c ил. 
320 |a Библиогр.: с. 424-430 
606 1 |a Радиоэлектронная аппаратура  |x Расчет  |2 stltpush  |3 (RuTPU)RU\TPU\subj\23472  |9 48064 
610 1 |a надежность 
610 1 |a невосстанавливаемые системы 
610 1 |a резервирование 
610 1 |a восстановление 
610 1 |a расчеты 
610 1 |a экспериментальные оценки 
610 1 |a справочники 
675 |a 621.396.6.001(035)  |v 4 
700 1 |a Козлов  |b Б. А.  |g Борис Анатольевич 
701 1 |a Ушаков  |b И. А.  |g Игорь Алексеевич 
801 1 |a RU  |b 63413507  |c 20170214 
801 2 |a RU  |b 63413507  |c 20170216  |g RCR 
942 |c BK